| 000 | 00606cam a22002051 4500 | ||
|---|---|---|---|
| 001 | 752961 | ||
| 005 | 20180222081834.0 | ||
| 008 | 711013s1966 nyu b 000 0 eng | ||
| 010 | _a 66017695 | ||
| 040 |
_aDLC _cDLC _dDLC |
||
| 041 | _aeng | ||
| 080 | _a616.8900724 PER | ||
| 082 | 0 | 0 | _a616.8900724 PER |
| 100 | 1 | _a4 | |
| 101 | _aSHM | ||
| 245 | 1 | 4 |
_aThe human nature of science; _c[by] Stewart E. Perry. With a foreword by John P. Spiegel. |
| 504 | _aBibliography: p. 266-277. | ||
| 906 |
_a7 _bcbc _corignew _du _eocip _f19 _gy-gencatlg |
||
| 942 |
_2ddc _cBK |
||
| 999 |
_c43206 _d43206 |
||